MARC

LEADER 00000nam0a2200000 4500
001 295357
005 20231102000812.0
020 |a RU  |b 84-39786 
035 |a (RuTPU)RU\TPU\book\320435 
090 |a 295357 
100 |a 20150522d1984 k y0rusy5003 ca 
101 0 |a rus 
102 |a RU 
105 |a y z 001zy 
200 1 |a Стохастические рекуррентные процедуры: локальные свойства  |f А. П. Коростелев 
210 |a Москва  |c Наука  |d 1984 
215 |a 208 с.  |c ил. 
320 |a Библиогр.: с. 204-207 
320 |a Предметный указатель: с. 208 
606 1 |a Аппроксимация стохастическая  |2 stltpush  |3 (RuTPU)RU\TPU\subj\29314  |9 52676 
610 1 |a вероятность 
610 1 |a рекуррентные формулы 
610 1 |a большие уклонения 
610 1 |a стохастические рекуррентные процедуры 
610 1 |a локальная сходимость 
610 1 |a стационарные возмущения 
675 |a 519.245  |z rus  |v 4 
700 1 |a Коростелев  |b А. П.  |g Александр Петрович  |4 070 
801 0 |a RU  |b RuMRKP  |c 19950704  |g psbo 
801 1 |a RU  |b 63413507  |c 20150522 
801 2 |a RU  |b 63413507  |c 20181126  |g RCR 
942 |c BK